000 00720nas a2200241 4500
001 BR6300159
003 BR-BrBNA
005 20231205082156.0
007 ta
008 230509b bl.|||p| |||| 00| 00por d
040 _aBR-BrBNA
_bpor
_cBiblioteca Nacional de Agricultura
041 _a(Pt)
072 _aF22
100 1 _aConill, A.
245 1 _aInstrucoes para coleta de amostras de solo para analise [Rio Grande do Sul; Brasil]
650 _aFisica do solo
650 _aAnalise do solo
650 _aSolo
650 _aRio Grande do Sul
773 0 _tLavoura Arrozeira (Brazil)
_xISSN 0023-9143
_g(Nov 1963), v. 17(200) p. 13
_wBR6300159
909 _a202311
_bLúcia
_c55
_dLúcia Elande
942 _2AGRIS
_n0
_cANA
999 _c89732
_d89732